| 000 | 00546nam a22001697a 4500 | ||
|---|---|---|---|
| 999 |
_c64017 _d64017 |
||
| 005 | 20260310112302.0 | ||
| 008 | 260310s2014 enk||||| |||| 00| 0 eng d | ||
| 020 | _a9784865410129x | ||
| 041 | _aeng | ||
| 080 | _a550.344.42(520) T-16 | ||
| 100 |
_aTakahasi, Munemasa _927097 |
||
| 245 |
_aTsunami, photographs, and then : _blost & found project : family photos swept away by 3.11 East Japan Tsunami / _cMunemasa Takahasi. |
||
| 264 | _c2014. | ||
| 653 | _aიაპონია | ||
| 653 | _aცუნამი | ||
| 942 |
_2udc _cᲬᲘᲒᲜᲘ |
||